| 000 -Cabeçalho do registo |
| Cabeçalho |
00724nam 22002053 4500 |
| 001 - Identificador do registo |
| Campo de controlo |
32643 |
| 010 ## - Número internacional normalizado dos livros (ISBN) |
| Número (ISBN) |
92-864-6263-9 |
| 100 ## - Dados gerais de processamento |
| Dados gerais de processamento |
20260326d2004 u||y0engy50 ba |
| 101 ## - Língua de publicação |
| Língua do texto, banda sonora, etc. |
Inglês |
| 102 ## - Pais de publicação ou produção |
| País de publicação |
Luxemburgo |
| 200 ## - Titulo e menção de responsabilidade |
| Título próprio |
Synopsis of selected R&D projects in the field of fisheries and aquaculture |
| Informação de outro título |
European Commission Community research |
| 207 ## - Publicações em Série - Numeração |
| Numeração: indicação de datas e volumes |
XVI |
| 210 ## - Publicação, Distribuição, etc. |
| Nome do editor, distribuidor, etc. |
Belgica |
| Data da publicação, distribuição, etc. |
2004 |
| 215 ## - Descrição física |
| Indicação específica da natureza do documento e extensão da espécie |
326 p. |
| Dimensões |
25 cm |
| 300 ## - Notas gerais |
| Texto da nota |
Nota: Project synopses |
| 606 ## - Nome comum usado como assunto |
| Palavra de ordem |
Pesca |
| Subdivisão de assunto |
Aquicultura |
| Subdivisão geográfica |
B |
| Subdivisão cronológica |
2004 |
|
| Palavra de ordem |
Alimentação |
| Subdivisão de assunto |
nutrição e saúde controle de doenças infecciosas |
|
| Subdivisão de assunto |
agricultura, pesca e silvicultura |
| 710 ## - Nome de colectividade-autor (responsabilidade principal) |
| Palavra de ordem |
Office for Official Publications of the European Communities |